000 00789nam a2200217 4500
001 144389
003 ES-MaACL
005 20250910063120.0
007 t|
008 070214s1981 sp r ||||1| spa d
100 1 _aSiguán, Marisa,
_d1954-
_9106314
245 1 0 _aLiteratura popular libertaria
_b: trece años de `La novela ideal` : (1925-1938) /
_cMarisa Siguán Boehmer ; prólogo de Joaquín Marco.
250 _a1ª. ed.
260 _aBarcelona :
_bPenínsula,
_c1981.
300 _a195 p. ;
_c20 cm.
490 1 _aTemas de historia y política contemporáneas ;
_v12
700 1 _aMarco, Joaquín,
_d1935-2020
_976466
830 0 _aTemas de historia y política contemporáneas ;
_v12
_9220667
852 _aES-MaACL
_jL-2674
_bR.102563
999 _c144389
_d144389